Design for flooding (Record no. 111793)
[ view plain ]
| 000 -LEADER | |
|---|---|
| fixed length control field | 01969cam a22002655a 4500 |
| 001 - CONTROL NUMBER | |
| control field | L152009 |
| 008 - FIXED-LENGTH DATA ELEMENTS--GENERAL INFORMATION | |
| fixed length control field | 110121s2010 xxk f 000 0 eng d |
| 020 ## - INTERNATIONAL STANDARD BOOK NUMBER | |
| International Standard Book Number | 9780470890004 |
| 035 ## - SYSTEM CONTROL NUMBER | |
| System control number | (Sirsi) u152009 |
| 041 0# - LANGUAGE CODE | |
| Language code of text/sound track or separate title | eng |
| 050 04 - LIBRARY OF CONGRESS CALL NUMBER | |
| Classification number | 627.4 |
| 100 1# - MAIN ENTRY--PERSONAL NAME | |
| Personal name | Watson, Donald |
| 245 00 - TITLE STATEMENT | |
| Title | Design for flooding |
| Remainder of title | architecture, landscape, and urban design for climate change |
| Medium | [electronic resource] |
| 260 ## - PUBLICATION, DISTRIBUTION, ETC. | |
| Name of publisher, distributor, etc. | John Wiley & Sons Inc |
| Date of publication, distribution, etc. | 2010 |
| 300 ## - PHYSICAL DESCRIPTION | |
| Extent | eBook |
| 505 2# - FORMATTED CONTENTS NOTE | |
| Formatted contents note | Part I Nature of water -- Weather -- Land and Water -- Flooding -- Part II Design with water -- The Natural Landscape -- The Altered Landscape -- Design for Inland Flooding -- Part III Flood-resistant design -- Flood Design Analysis -- The Coast -- Flood Design Practices for Buildings -- Part IV Design for resilience -- Flood-Resistant Design for Sites and Communities -- Sea Level Rise -- Design for Resilience |
| 520 ## - SUMMARY, ETC. | |
| Summary, etc. | Architects, urban planners and urban designers, as well as water resources engineers and landscape architects will discover that this eBook presents the best practices and lessons to create buildings and communities that are more resilient in the face of severe weather, climate change, and the prospect of rising sea level. This eBook covers technical and institutional issues-along with new design and business opportunities-built upon fundamentals of climate and weather, stormwater and floodplain management; best practices of flood-resistant design and adaption to sea level rise; multidisciplinary design that integrates sound ecological and engineering principles; and innovative design and construction to protect and improve water security. |
| 590 ## - LOCAL NOTE (RLIN) | |
| Local note | KA |
| 650 24 - SUBJECT ADDED ENTRY--TOPICAL TERM | |
| Topical term or geographic name entry element | EBOOK |
| 651 #4 - SUBJECT ADDED ENTRY--GEOGRAPHIC NAME | |
| Geographic name | United Kingdom |
| Chronological subdivision | |
| 690 ## - LOCAL SUBJECT ADDED ENTRY--TOPICAL TERM (OCLC, RLIN) | |
| Topical term or geographic name as entry element | ENVIRONMENTAL AND LAND CONSULTANCY-WATER RESOURCE MANAGEMENT-FLOODING |
| 700 1# - ADDED ENTRY--PERSONAL NAME | |
| Personal name | Adams, Michele |
| 856 40 - ELECTRONIC LOCATION AND ACCESS | |
| Uniform Resource Identifier | <a href="https://www.vlebooks.com/">https://www.vlebooks.com/</a> |
| Public note | View on VLEbooks. Logins for members only from [email protected] |
| 942 ## - ADDED ENTRY ELEMENTS (KOHA) | |
| Suppress in OPAC | 0 |
| Withdrawn status | Lost status | Source of classification or shelving scheme | Damaged status | Not for loan | Home library | Current library | Shelving location | Date acquired | Total Checkouts | Full call number | Barcode | Date last seen | Copy number | Price effective from | Koha item type |
|---|---|---|---|---|---|---|---|---|---|---|---|---|---|---|---|
| Dewey Decimal Classification | Virtual | Virtual | Online | 21/01/2011 | EBOOK | 152009-2001 | 06/08/2019 | 1 | 06/08/2019 | Book |